[Event "10th LCC FIDE Open 2018"]
[Site "London"]
[Date "2018.12.14"]
[Round "6"]
[White "Janik, Igor"]
[Black "Wadsworth, Matthew J"]
[Result "1/2-1/2"]
[WhiteElo "2476"]
[BlackElo "2364"]
[Annotator "TA"]
[PlyCount "105"]
[EventDate "2018.12.09"]
[EventType "swiss"]
[EventCountry "ENG"]
[SourceTitle "playchess.com"]
[Source "ChessBase"]
[SourceQuality "1"]

{[%evp 28,105,67,37,66,64,64,77,65,66,61,49,57,39,74,51,84,72,79,59,52,0,0,0,0,-25,-15,-25,-25,-23,-18,-25,-12,-12,-13,-12,-19,-8,15,19,14,29,14,0,0,-32,0,0,0,0,0,-8,-7,-7,-7,-77,-77,-85,-85,-259,-33,-334,-334,-1326,-1205,-501,-204,-177,0,0,0,0,0,0,0,0,0,0,0,0]} 1. d4 Nf6 2. c4 c5 3. d5 e6 4. Nc3 exd5 5. cxd5 d6 6. Nf3 g6 7. Bf4 a6 8. a4 Bg7 9. h3 O-O 10. e3 Qe7 {A61: Modern Benoni: Nf3 without early e4} 11. Be2 (11. Bd3 Nbd7 12. O-O Ne8 13. e4 Rb8 14. Re1 Nc7 15. Qd2 Ne5 16. Nxe5 Bxe5 17. Bxe5 Qxe5 18. a5 {1-0 (42) Akobian,V (2647)-Ponkratov,P (2613) Riadh 2017}) 11... Nbd7 12. O-O Rb8 13. Nd2 Ne8 14. a5 f5 15. Nc4 {LiveBook: 5 Games} g5 16. Bh2 f4 $146 ({Predecessor:} 16... Ne5 17. Bxe5 Bxe5 18. Nxe5 Qxe5 {½-½ (64) Kucuksari,K (2102)-Lundberg,D (2180) Lund 2016}) 17. Qd2 {[%cal Re3f4]} Qf7 18. Ne4 Qg6 $1 {[%cal Rg6e4]} 19. Bd3 Qh6 $1 20. Rfe1 b5 21. axb6 $1 Nxb6 {[#]} 22. Na5 $1 Nd7 ({Reject} 22... fxe3 $6 23. Rxe3 (23. fxe3 Bf5 $16) 23... Bf5 24. Nc6 $18) 23. Nc6 Rxb2 24. Qc1 (24. Qd1 $14 Kh8 25. Rb1) 24... Ne5 $11 25. Nxe5 Bxe5 26. exf4 (26. Nxg5 $5 Qh4 27. Ne4 $11) 26... gxf4 {[%cal Bg5f4,Bf4f3][%mdl 32] Threatens to win with ...Qg7.} 27. Nxc5 $1 Qh4 28. Ne4 Bf5 29. Kh1 Rb3 30. Qd1 (30. Qc4 $5 {[%cal Rc4b3]} f3 31. Bxe5 fxg2+ 32. Kxg2 Qxh3+ {[%mdl 64] Double Attack} 33. Kg1 Rxd3 34. Nxd6 $11) 30... f3 {( -> ...fxg2+)} 31. g3 $1 {[%cal Rg3h4]} Qxh3 {[%csl Gf3][%cal Rh3g2]} 32. Bf1 $132 {[%mdl 2048] White is fighting back} Qg4 33. Ra4 $1 {[#]} Ra3 $1 {[%cal Ra3a4][%mdl 512]} 34. Rxa3 Bxe4 35. Rxa6 Nf6 36. Qa4 Qf5 {White must now prevent ...Ng4.} (36... h5 $5 {[%cal Rh5h4]} 37. Bb5 Rf7 $11) 37. Kg1 h5 {[%cal Bh7h5,Bh5h4][%mdl 32] aiming for ...h4.} 38. Ra8 h4 {And now ...hxg3 would win.} 39. Rxf8+ Kxf8 40. Qa8+ Kg7 41. Qa7+ (41. Rc1 $1 $11 Bxd5 42. Rc7+ Bf7 43. Qb7) 41... Kg6 $17 {Strongly threatening ...hxg3.} 42. Rxe4 Qxe4 43. Qa3 $2 {[#]} (43. Qa6 $17 {is the only way for White.} Qxd5 44. Qd3+ Qxd3 45. Bxd3+ Kh5 46. gxh4) 43... Kh6 $2 ({Don't play} 43... Qxd5 44. Qd3+ Qxd3 45. Bxd3+ Kh5 46. gxh4 $17) (43... hxg3 44. Bd3 $16) ({Black should try} 43... Kh5 $1 $19 44. Qa7 Kg6) 44. Qd3 $2 {[%mdl 8192]} (44. Qc1+ $1 $15 Kg6 45. Qc4 Qxc4 46. Bxc4) 44... Bd4 $19 {...Bxf2+! is the strong threat.} ({Weaker is} 44... Qxd5 45. Qxd5 Nxd5 46. gxh4 $11) 45. Qd2+ $2 (45. Qxe4 Nxe4 46. gxh4 Bxf2+ {[%mdl 64] Double Attack} 47. Kh1) 45... Kh5 46. Bh3 Qb1+ (46... Be5 $142 47. g4+ Nxg4 48. Bxe5 Qxe5 49. Bxg4+ Kxg4) 47. Bf1 Be5 $2 (47... Bc5 $19 48. gxh4 Ne4) 48. gxh4 $1 $11 {[%csl Gh4][%cal Rd2g5] The position is equal.} Qg6+ 49. Qg5+ Qxg5+ 50. hxg5 Nxd5 {[#]} 51. g6 $1 {[%mdl 512]} Kxg6 52. Bxe5 dxe5 53. Bd3+ {Accuracy: White = 48%, Black = 61%.} 1/2-1/2

[Event "10th LCC FIDE Open 2018"]
[Site "London"]
[Date "2018.12.14"]
[Round "6"]
[White "Arkell, Keith C"]
[Black "Fischer, Daniel"]
[Result "1-0"]
[WhiteElo "2453"]
[BlackElo "2324"]
[Annotator "TA"]
[PlyCount "121"]
[EventDate "2018.12.09"]
[EventType "swiss"]
[EventCountry "ENG"]
[SourceTitle "playchess.com"]
[Source "ChessBase"]
[SourceQuality "1"]

{[%evp 26,121,-1,-6,-6,-11,-4,-10,-4,-19,-6,-24,-28,-27,-7,-9,-9,-16,0,0,6,-24,0,0,0,-18,25,0,20,22,22,16,37,37,37,35,38,38,38,38,39,39,100,100,100,100,77,89,180,180,237,237,237,235,259,256,591,591,674,674,668,668,625,616,589,589,528,508,29972,29972,29973,29971,29970,29972,29972,29975,29978,29973,29973,29973,29973,29974,29976,29975,29977,29978,29978,29981,29980,29982,29984,29985,29986,29987,29988,29989,29989,29990]} 1. d4 Nf6 2. Nf3 d5 3. c4 e6 4. cxd5 exd5 5. Nc3 Be7 6. Bg5 c6 7. Qc2 g6 8. Bxf6 Bxf6 9. e3 Bf5 10. Bd3 Bxd3 11. Qxd3 O-O 12. b4 a6 {D36: Queen's Gambit Declined: Exchange Variation: Main line (5 Bg5 c6 6 Qc2)} 13. O-O Nd7 (13... Be7 14. Na4 Ra7 15. a3 Nd7 16. Nc5 Nf6 17. Ne5 Bd6 18. f4 Qe7 19. Rac1 Raa8 20. a4 {0-1 (50) Kryakvin,D (2603)-Belov,V (2625) Irkutsk 2010}) 14. a4 {LiveBook: 12 Games} Nb6 {The position is equal.} 15. Rfc1 Be7 16. Rab1 Bd6 17. Qd1 $146 Re8 18. g3 Qe7 19. Qb3 Qe6 20. Re1 Qf5 21. Kg2 h5 22. Re2 Kg7 23. Qc2 Qxc2 24. Rxc2 Nc4 {...Na3 is the strong threat.} 25. Re2 f5 26. b5 axb5 27. axb5 Ra3 28. Rc1 Rea8 29. bxc6 bxc6 30. Rec2 Ra1 31. Rxa1 Rxa1 32. Ne2 Rb1 33. Nf4 Rb2 (33... Kf7 $14) 34. Rxb2 $16 Nxb2 {[%mdl 4096] Endgame [#] KBN-KNN} 35. Ne6+ $1 Kf6 36. Nd8 c5 (36... Nd3 $16) 37. Nb7 $18 {[%mdl 64] Double Attack} cxd4 (37... Bc7 {might work better.}) 38. Nxd6 dxe3 39. Nb5 ({Much less strong is} 39. fxe3 $6 Nd1) 39... Nd1 40. Nc7 exf2 $2 {[#]} (40... d4 {is a better chance.} 41. Nd5+ Ke6) 41. Nxd5+ Ke6 42. Nf4+ Kf6 43. h4 Nc3 44. Kxf2 Ne4+ 45. Kg2 Kg7 46. Ng5 Kf6 (46... Nc3 $18 47. Nge6+ Kf7) 47. Nxe4+ {White mates.} fxe4 {KN-K3P} 48. Nd5+ Ke5 49. Ne3 Kd4 50. Kf2 Kd3 51. Nf1 Kd4 52. Ke2 Ke5 53. Ke3 Kf5 54. Nh2 Ke5 55. g4 hxg4 56. Nxg4+ {KN-KPP} Kf5 57. Nf2 g5 58. h5 {[%cal Bh4h5,Bh5h6][%mdl 32]} Ke5 59. Ng4+ Kf5 60. h6 Kg6 61. Kxe4 {Accuracy: White = 75%, Black = 29%.} 1-0

[Event "10th LCC FIDE Open 2018"]
[Site "London"]
[Date "2018.12.14"]
[Round "6"]
[White "Akash Pc, Iyer"]
[Black "Gumularz, Szymon"]
[Result "0-1"]
[WhiteElo "2441"]
[BlackElo "2462"]
[Annotator "TA"]
[PlyCount "160"]
[EventDate "2018.12.09"]
[EventType "swiss"]
[EventCountry "ENG"]
[SourceTitle "playchess.com"]
[Source "ChessBase"]
[SourceQuality "1"]

{[%evp 15,160,-72,-68,-70,-67,-69,-62,-91,-41,-32,-18,-17,-17,-60,-62,-74,-19,-19,0,0,-5,-99,-48,-100,-97,-138,-142,-136,-129,-133,-140,-183,-197,-178,-118,-109,-108,-134,-140,-133,-139,-139,-147,-146,-146,-171,-158,-231,-226,-228,-235,-267,-189,-201,0,-244,-183,-220,-175,-180,-101,-104,-105,-139,-122,-241,-241,-242,-231,-235,-234,-253,-250,-263,-256,-289,-291,-296,-260,-302,-299,-276,-282,-299,-282,-298,-286,-395,-381,-404,-382,-360,-388,-385,-360,-510,-547,-620,-583,-572,-436,-526,-522,-314,-358,-624,-621,-643,-639,-554,-610,-478,-427,-599,-639,-621,-640,-636,-635,-629,-625,-597,-573,-883,-876,-866,-842,-842,-819,-790,-763,-952,-867,-1424,-687,-5189,-5069,-5069,-2874,-2387,-1645,-3748,-1747,-5405,-5077,-2300,-2356]} 1. d4 Nf6 2. c4 e6 3. Nc3 Bb4 4. e3 b6 5. Bd3 Bb7 6. Nge2 Bxg2 7. Rg1 Bf3 {E43: Nimzo-Indian: Rubinstein: 4...b6} 8. Qc2 g6 {LiveBook: 6 Games} (8... Nc6 9. a3 Bd6 10. Rxg7 Kf8 11. Ng1 Bg4 12. Rxg4 Nxg4 13. h3 Nh2 14. Bd2 Qh4 15. O-O-O Qxf2 {1-0 (32) Gelfand,B (2741)-Vallejo Pons,F (2703) Leon 2010}) 9. Rg3 Bxe2 {Black is slightly better.} 10. Bxe2 O-O 11. e4 $146 ({Predecessor:} 11. Bd2 d5 12. cxd5 Bxc3 13. Bxc3 Nxd5 14. Bd2 a5 15. a3 {1-0 (39) Souto,A (2183)-Kruk,S (2098) ICCF email 2012}) 11... d5 12. Bg5 {Hoping for e5.} dxe4 13. O-O-O Be7 14. Be3 c5 15. dxc5 {[%mdl 64] Discovered Attack} Qc8 (15... Qc7 $17) 16. Nxe4 $11 Nc6 17. Nd6 Qa6 18. Bh6 (18. a3 $11 {keeps the balance.}) 18... Nb4 (18... bxc5 $17 {Strongly threatening ...Nb4.} 19. Bxf8 Rxf8) 19. Qb3 (19. Qd2 $15 bxc5 20. Ra3 (20. Bxf8 Rxf8 21. Ra3 Qb6 $11)) 19... bxc5 $17 20. Nb5 {[#]} Rfd8 $1 ({And not} 20... Qxa2 21. Qxa2 Nxa2+ 22. Kb1 $11) ({Inferior is} 20... Nxa2+ 21. Kb1 $11) 21. a3 {Threatens to win with Nc7.} Rxd1+ 22. Bxd1 {aiming for Nc7.} Rd8 23. Be2 Nc6 24. Rd3 Qb6 ({Black should try} 24... Rb8 $19 25. Qc3 e5) 25. Rxd8+ Bxd8 26. Qf3 a6 27. Nc3 Nd7 28. Qe4 Bf6 29. Na4 Qc7 30. Bf4 Be5 31. Bh6 (31. Bxe5 $17 Ncxe5 32. Qe3) 31... f5 32. Qe3 Nd4 33. Bd1 Bg7 34. Bf4 Be5 35. Bh6 $1 Qd6 36. Qg5 Bf6 37. Qg2 Qc6 ({Better is} 37... Ne5 $19 38. Qa8+ Kf7) 38. Qxc6 Nxc6 39. Be3 Bd4 40. Bf3 {[#]} (40. Bxd4 $17 Nxd4 41. b4) 40... Bxe3+ $1 $19 41. fxe3 {[%mdl 4096] Endgame KBN-KNN} Nce5 42. Be2 a5 43. Kc2 Kf7 44. Kc3 Ke7 45. b4 axb4+ 46. axb4 Kd6 47. Kb3 Nc6 48. b5 Nce5 49. Nc3 Nb6 50. Nd1 g5 {[%cal Bg6g5,Bg5g4][%mdl 32]} 51. Nf2 g4 52. Kc3 h5 53. Kb3 Ke7 54. Kc3 Kf6 55. Kb3 (55. Bf1 $142) 55... Kg5 56. Kc3 Kh4 57. Bf1 Ned7 58. Nh1 e5 59. Ng3 Kg5 60. e4 $2 (60. Ne2) 60... f4 {Black is clearly winning.} 61. Nf5 Nf6 62. Kd3 h4 63. Nd6 Nfd7 64. h3 (64. Nf7+ $142 Kg6 65. Nd6) 64... g3 65. Bg2 Nf8 66. Nf7+ Kf6 67. Nh6 Ng6 68. Bf3 Ne7 69. Ng4+ Ke6 70. Nh6 Nec8 71. Nf5 Nd6 72. Nxh4 Ndxc4 73. Nf5 Nd6 74. Nxd6 Kxd6 {KB-KN} 75. h4 Ke6 76. Kc3 Kf6 77. Kd3 Kg6 78. Ke2 c4 79. Kd2 {[#]} g2 $1 {[%mdl 512]} 80. Bxg2 Kh5 {Accuracy: White = 40%, Black = 81%.} 0-1

[Event "10th LCC FIDE Open 2018"]
[Site "London"]
[Date "2018.12.14"]
[Round "6"]
[White "Pert, Richard G"]
[Black "Derakhshani, Borna"]
[Result "1/2-1/2"]
[WhiteElo "2416"]
[BlackElo "2325"]
[Annotator "TA"]
[PlyCount "59"]
[EventDate "2018.12.09"]
[EventType "swiss"]
[EventCountry "ENG"]
[SourceTitle "playchess.com"]
[Source "ChessBase"]
[SourceQuality "1"]

{[%evp 24,59,23,18,52,36,52,34,37,24,32,6,12,0,23,20,37,41,49,8,60,64,54,41,40,17,29,11,39,22,37,33,40,0,0,0,0,0]} 1. d4 Nf6 2. Nf3 g6 3. g3 b6 4. Bg2 Bb7 5. O-O Bg7 6. c4 O-O 7. Nc3 Ne4 8. Nxe4 Bxe4 9. Be3 d6 {A50: Queen's Fianchetto Defence (1 d4 Nf6 2 c4 b6)} 10. Qd2 Nd7 11. Bh6 c5 12. Bxg7 Kxg7 13. Rfd1 {[#] LiveBook: 6 Games} Kg8 $146 ({Predecessor:} 13... Nf6 14. Rac1 Qc7 15. Ne1 Bxg2 {½-½ (15) Ruck,R (2533)-Romanov,E (2626) Tegernsee 2017}) 14. Qh6 Bxf3 15. Bxf3 Rb8 16. h4 {[%cal Bh2h4,Bh4h5,Bh5h6][%mdl 32]} Nf6 17. h5 Qc8 18. Qe3 Qd7 19. Kg2 Rbe8 20. dxc5 bxc5 21. Qg5 Kg7 (21... Qf5 $11 22. Qxf5 gxf5) 22. h6+ $14 Kg8 23. Rd3 Qc7 24. Re3 Nd7 25. Rd1 ({Don't go for} 25. Rxe7 $2 Qd8 $19) 25... Ne5 26. Bd5 Kh8 {White should prevent ...f6.} 27. Rb3 f6 28. Qc1 e6 29. Bf3 Rb8 30. Rxb8 {Accuracy: White = 54%, Black = 33%.} 1/2-1/2

[Event "10th LCC FIDE Open 2018"]
[Site "London"]
[Date "2018.12.14"]
[Round "6"]
[White "Wells, Peter K"]
[Black "Stigar, Petter"]
[Result "1-0"]
[WhiteElo "2412"]
[BlackElo "2171"]
[Annotator "TA"]
[PlyCount "35"]
[EventDate "2018.12.09"]
[EventType "swiss"]
[EventCountry "ENG"]
[SourceTitle "playchess.com"]
[Source "ChessBase"]
[SourceQuality "1"]

{[%evp 16,35,0,-12,9,12,16,0,0,0,0,0,64,0,162,152,136,138,152,148,435,418]} 1. c4 e6 2. g3 d5 3. Bg2 Nf6 4. Nf3 dxc4 5. O-O Nbd7 6. a4 {A13: English Opening: 1...e6} a5 7. Na3 Nb6 8. Qc2 Bxa3 9. Rxa3 {LiveBook: 9 Games} Qe7 $146 ({Predecessor:} 9... O-O 10. e4 e5 11. Nxe5 Qd4 12. Qc3 Qxc3 13. Rxc3 Be6 14. d4 Nxa4 {1-0 (40) Wei,Y (2738)-Ponomariov,R (2699) Danzhou 2017}) 10. e4 Bd7 11. d3 cxd3 12. Qxc7 {[%mdl 64] [#] Double Attack} Nxa4 13. Bg5 Qc5 (13... h6 $11 14. Qxb7 O-O 15. Bxf6 gxf6) 14. Qxb7 (14. Qf4 $14) 14... Qc6 $2 (14... Qc8 $11 15. Qb3 Nc5 {[%mdl 64] Double Attack}) 15. Qxc6 $18 Bxc6 16. Ne5 Bb5 {[#]} 17. Rfa1 $1 {[%mdl 1024] Threatens to win with Rb3. White has strong compensation.} ({Don't do} 17. Nxd3 Bxd3 18. Rxd3 Nxb2 $14) 17... Nb6 $2 {[%mdl 8192]} (17... Rb8 $16) 18. Rb3 {Accuracy: White = 68%, Black = 32%.} 1-0

[Event "10th LCC FIDE Open 2018"]
[Site "London"]
[Date "2018.12.14"]
[Round "6"]
[White "McDonald, Neil"]
[Black "Hillarp Persson, Tiger"]
[Result "1-0"]
[WhiteElo "2403"]
[BlackElo "2546"]
[Annotator "TA"]
[PlyCount "79"]
[EventDate "2018.12.09"]
[EventType "swiss"]
[EventCountry "ENG"]
[SourceTitle "playchess.com"]
[Source "ChessBase"]
[SourceQuality "1"]

{[%evp 27,79,16,18,-6,0,-13,0,0,0,-18,-20,-33,-14,-24,0,0,0,0,0,0,12,8,12,7,0,-63,-61,-91,-91,-101,-103,-92,-94,-110,-92,-128,-136,-121,-119,-166,-162,-213,-202,-222,-221,-207,-214,-260,-251,-343,-318,-347,-334,-299]} 1. e4 c6 2. d4 d5 3. Nd2 dxe4 4. Nxe4 Bf5 5. Ng3 Bg6 6. h4 h6 7. Nf3 Nd7 8. h5 Bh7 9. Bd3 Bxd3 10. Qxd3 e6 11. Bd2 Ngf6 12. O-O-O Be7 13. Qe2 O-O 14. Nf1 {B19: Classical Caro-Kann: 4...Bf5 main line} Nb6 {LiveBook: 21 Games} 15. g4 Qd5 (15... Nxg4 $6 16. Rg1 $16) 16. Kb1 {The position is equal.} Qb5 17. Qxb5 cxb5 18. Ne5 Rfd8 19. Ba5 {[#]} Ne4 $146 ({Predecessor:} 19... Nfd5 20. Rh2 Bf6 21. f4 Be7 {1-0 (51) Horvath,A (2519)-Iordachescu,V (2608) Metz 2009}) 20. Rh2 {[%cal Bh1h2,Bh2e2,Be2e4][%mdl 32]} Bg5 {next ...Bf4 is good for Black.} 21. f3 Nf6 $1 22. Re2 Nfd5 23. Nd3 Rdc8 24. Bxb6 axb6 25. Re4 Ra4 26. f4 (26. c3 $11) 26... Be7 27. Nc1 Bd6 28. f5 Nf6 $36 {[%mdl 2048] Keeping White busy.} 29. Re2 exf5 ({Reject} 29... Nxg4 $6 30. fxe6 Re8 31. exf7+ Kxf7 32. Rxe8 $14) 30. gxf5 Nxh5 31. c3 b4 32. c4 Ra5 33. d5 Raa8 ({Stronger than} 33... Rxc4 34. Re8+ Kh7 35. Rd8 $11) 34. b3 (34. Rd4 $142) 34... Re8 $19 35. Rde1 Rxe2 36. Rxe2 Kf8 37. Nd3 Re8 {Black has a decisive advantage.} 38. Rxe8+ Kxe8 39. Nf2 Ke7 40. Kc2 {[%mdl 32768] Accuracy: White = 36%, Black = 77%. . Sensor Board Error (Ke4/e5)?} 1-0

[Event "10th LCC FIDE Open 2018"]
[Site "London"]
[Date "2018.12.14"]
[Round "6"]
[White "Cherniaev, Alexander"]
[Black "Gormally, Daniel W"]
[Result "0-1"]
[WhiteElo "2393"]
[BlackElo "2478"]
[Annotator "TA"]
[PlyCount "102"]
[EventDate "2018.12.09"]
[EventType "swiss"]
[EventCountry "ENG"]
[SourceTitle "playchess.com"]
[Source "ChessBase"]
[SourceQuality "1"]

{[%evp 14,102,-72,-104,-93,-106,-93,-94,-85,-90,-95,-88,-41,-39,-41,-49,-25,-27,-17,-45,-44,-43,-44,-50,-45,-45,-46,-54,-45,-45,-45,-70,-74,-82,-90,-77,-74,-99,-94,-100,0,-87,-89,-104,-87,-89,0,-106,-104,-127,-127,-116,-127,-124,-128,-139,-127,-139,-124,-129,-121,-125,-92,-93,-75,-90,-35,-43,-14,-14,-14,-23,-14,-14,-14,-14,-14,-30,-30,-77,-60,-125,-122,-144,-138,-567,-527,-519,-464,-434,-426]} 1. e4 e5 2. Nf3 Nf6 3. Nc3 Bb4 4. d3 O-O 5. g3 d5 6. exd5 {C42: Petroff Defence: 3 Nxe5 and unusual White 3rd moves} e4 7. dxe4 Nxe4 8. Bd2 $146 {LiveBook: 3 Games. Black is better.} ({Predecessor:} 8. Qd4 Re8 9. Ne5 Bxc3+ 10. bxc3 f6 11. Bd3 Nd6 {0-1 (23) Todorovic,G (2461)-Yu,S (2509) Dos Hermanas 2004}) 8... Bxc3 9. bxc3 Qxd5 10. Bg2 Nxd2 11. Qxd2 Re8+ 12. Kf1 Be6 (12... Qa5 {is interesting.} 13. Nd4 Nd7 14. Nb3 Qb6 15. h4 Nf6) 13. Qxd5 Bxd5 14. Nd4 Bxg2+ (14... Bc4+ {seems wilder.} 15. Kg1 c6 16. Bf1 Bd5 17. Bg2 Nd7) 15. Kxg2 Nd7 16. Nb5 Re5 17. Rhd1 Nf6 $1 18. Rab1 Rc5 19. Nxa7 b6 20. Nb5 g6 21. Rb2 Ra5 22. Rd8+ Kg7 23. Nd4 Rxc3 24. Ne2 Rc4 25. c3 Nd5 26. Rd7 Nf6 27. Rd8 $1 Rca4 28. Nc1 Ra3 29. Rb3 R3a4 30. Rb2 $1 Rd5 31. Rd2 Rxd8 32. Rxd8 $17 {[%mdl 4096] Endgame KRN-KRN} Ra3 33. Rd3 Ne4 34. Re3 f5 35. c4 Rxe3 36. fxe3 {KN-KN} Kf6 37. Nb3 Ke5 38. Kf3 Nc3 39. a3 Nb1 ({Black should play} 39... h5 $17 40. Nd4 Nb1) 40. a4 $15 Kd6 41. g4 $1 fxg4+ 42. Kxg4 Na3 43. c5+ $1 bxc5 44. Kg5 c4 45. Nc1 $1 Nc2 46. e4 Ke5 47. a5 ({Better is} 47. Kh6 $1 $15) 47... Nb4 $1 $17 {Threatens to win with ...c3.} ({Don't go for} 47... Kxe4 $2 48. a6 $18) 48. Kh6 Kxe4 {Strongly threatening ...c3.} 49. Na2 $2 {[%mdl 8192] [#]} (49. h4 $17) 49... Na6 $1 $19 {Black is clearly winning.} ({Not} 49... c5 $2 50. Nxb4 cxb4 51. a6 $18) 50. Kxh7 Kd3 {And now ...g5 would win.} 51. Kxg6 {[#] Hoping for h4.} Kc2 $1 {Accuracy: White = 56%, Black = 74%.} 0-1

[Event "10th LCC FIDE Open 2018"]
[Site "London"]
[Date "2018.12.14"]
[Round "6"]
[White "D`Costa, Lorin A R"]
[Black "Elsness, Frode"]
[Result "1-0"]
[WhiteElo "2390"]
[BlackElo "2447"]
[Annotator "TA"]
[PlyCount "57"]
[EventDate "2018.12.09"]
[EventType "swiss"]
[EventCountry "ENG"]
[SourceTitle "playchess.com"]
[Source "ChessBase"]
[SourceQuality "1"]

{[%evp 16,57,40,14,41,14,32,19,28,30,136,122,127,118,129,106,154,144,205,140,204,203,227,216,236,245,243,237,302,269,280,194,198,200,200,200,200,193,193,192,187,185,29990,29990]} 1. d4 Nf6 2. Bf4 d5 3. e3 c5 4. dxc5 (4. Nd2 Nc6 5. Ngf3 e6 6. c3 Be7 7. Ne5 O-O 8. Bd3 Bd6 9. Ndf3 Qc7 10. h4 Ne4 11. Qc2 f6 12. Nxc6 Bxf4 13. exf4 Qxc6 14. dxc5 f5 15. b4 Qc7 16. Ne5 {0-1 (34) Wei,Y (2729)-So,W (2780) chess.com INT 2018}) 4... Nc6 5. Bb5 e6 6. b4 {D00: 1 d4 d5: Unusual lines} a5 7. c3 Bd7 8. Qb3 axb4 9. cxb4 {LiveBook: 5 Games} Ne4 {White must now prevent ...Qf6.} 10. Ne2 Qf6 11. Nbc3 {[%cal Bb1c3,Bc3a4,Ba4b6][%mdl 32]} g5 $146 ({Predecessor:} 11... Nxf2) 12. Bg3 Bg7 (12... h5 $1 $11 13. Rc1 Nxc3 14. Nxc3 h4) 13. Rc1 $16 Nxg3 14. hxg3 O-O 15. Na4 Rad8 16. Nb6 Be8 (16... Qe7 $16 17. a4 (17. Nxd7 Qxd7 18. a4 Ra8 $16) 17... Be8) 17. a4 d4 (17... Qe7 $16 {might work better.} 18. Bxc6 bxc6) 18. exd4 Nxd4 19. Nxd4 Rxd4 20. O-O Bxb5 21. axb5 $40 {[%mdl 128] Strongly threatening c6. White has strong attack.} Qf5 22. Rc4 Rd3 23. Qc2 {Hoping for g4.} Rfd8 24. c6 Qxb5 {...bxc6 is the strong threat.} 25. c7 Qxb6 26. c8=Q ({Don't take} 26. cxd8=R+ $6 Rxd8 27. Rc1 Bf6 $16) 26... Rxc8 27. Rxc8+ Rd8 28. Qc5 Bd4 $2 {[#]} (28... Qxc5 $18 29. Rxd8+ {[#]} (29. Rxc5 h6 $16) 29... Qf8 $1 {[%mdl 512]} 30. Rxf8+ Bxf8) 29. Qxg5+ {[%mdl 64] Double Attack. Accuracy: White = 74%, Black = 27%.} 1-0

[Event "10th LCC FIDE Open 2018"]
[Site "London"]
[Date "2018.12.14"]
[Round "6"]
[White "Mirzoyan, Davit T."]
[Black "Villiers, Thomas"]
[Result "1-0"]
[WhiteElo "2382"]
[BlackElo "2205"]
[Annotator "TA"]
[PlyCount "83"]
[EventDate "2018.12.09"]
[EventType "swiss"]
[EventCountry "ENG"]
[SourceTitle "playchess.com"]
[Source "ChessBase"]
[SourceQuality "1"]

{[%evp 18,83,29,25,22,8,53,51,49,31,44,29,92,72,135,133,123,131,162,147,139,130,181,170,209,218,164,217,256,242,266,263,277,274,340,340,401,393,521,520,488,512,586,581,682,675,1183,1149,1104,0,858,0,1037,969,959,871,789,0,954,928,1666,1356,1610,1257,1691,1609,1537,1453]} 1. d4 d6 2. c4 e5 3. Nc3 exd4 4. Qxd4 Nc6 5. Qd2 Nf6 6. Nf3 g6 7. b3 Bg7 8. Bb2 O-O {A21: English Opening: 1...e5 2 Nc3} 9. g3 Bf5 10. Nh4 {LiveBook: 3 Games} Be6 {White has an edge.} 11. Bg2 Qd7 $146 ({Predecessor:} 11... a5 12. O-O a4 13. Nd5 Ne5 14. Rfd1 c6 15. Ne3 axb3 16. axb3 {½-½ (32) Magem Badals,J (2552)-Peralta,F (2569) Barcelona 2015}) 12. Nd5 Ne5 13. h3 Qd8 14. O-O Rb8 (14... Re8 $11) 15. f4 $36 {[%mdl 2048] White is really pushing.} Nc6 (15... Ned7 $142) 16. e4 Re8 17. Rae1 Bd7 18. Kh2 a5 19. Bc3 Nxd5 20. cxd5 {[#] Threatens to win with Bxg7.} ({Resist} 20. exd5 $6 Rxe1 21. Rxe1 Nb4 $16) 20... Nb4 21. Bxg7 Kxg7 22. a3 {[%cal Ba2a3,Ba3a4][%mdl 32]} Bb5 23. Rf3 Nd3 24. Rxd3 Bxd3 25. Qxd3 Qf6 26. Nf3 Qb2 27. a4 h5 28. e5 dxe5 29. fxe5 Rbd8 30. Qc4 c6 31. d6 {[%cal Bd5d6,Bd6d7][%mdl 32]} f6 32. Re2 Qa1 33. Re1 Qb2 34. Re2 Qa1 {[#]} 35. d7 $1 Re7 (35... Rxd7 36. exf6+) 36. Re1 Qb2 37. Re2 Qa1 38. Qh4 {Threatening mate with exf6+.White is clearly winning.} g5 39. Nxg5 Rdxd7 40. Nf3 fxe5 41. Qg5+ Kf8 42. Nxe5 {Precision: White = 85%, Black = 48%.} 1-0